[Event "Recife JEBS op"]
[Site "Recife"]
[Date "2024.09.29"]
[Round "4"]
[White "De Sousa, Joao Pedro A Moreir"]
[Black "Franz, Henrique Karam Da C"]
[Result "1-0"]
[WhiteElo "1800"]
[BlackElo "1696"]
[PlyCount "86"]
[EventDate "2024.09.28"]
[EventType "swiss"]
[EventRounds "6"]
[EventCountry "BRA"]
[SourceTitle "EXT 2025"]
[Source "ChessBase"]
[SourceDate "2024.10.14"]
[SourceVersion "1"]
[SourceVersionDate "2024.10.14"]
[SourceQuality "1"]

1. e4 c5 2. Nf3 Nc6 3. Bc4 d6 4. 0-0 Nf6 5. Nc3 Bg4 6. d3 e6 7. h3 Bh5 8. Bb5 a6 9. Bxc6+ bxc6 10. Bg5 h6 11. Bh4 Be7 12. Re1 0-0 13. e5 dxe5 14. Rxe5 Bg6 15. Bxf6 Bxf6 16. Rxc5 Qb6 17. Na4 Qb7 18. c3 Rfd8 19. d4 Be7 20. Re5 Bd6 21. Re1 Qb5 22. Ne5 Bh7 23. c4 Qa5 24. Nxc6 Qc7 25. Nxd8 Rxd8 26. c5 Bh2+ 27. Kh1 Qf4 28. Qg4 Qxf2 29. Kxh2 Rxd4 30. Qf3 Qxf3 31. gxf3 Rxa4 32. c6 Rc4 33. Rac1 Bc2 34. Re2 Bd3 35. Rxc4 Bxc4 36. c7 Bxe2 37. c8Q+ Kh7 38. Qc2+ Kg8 39. Qxe2 a5 40. Qa6 Kh7 41. Qxa5 Kg6 42. Kg3 h5 43. Qe5 f6 1-0

[Event "Pelotas Gaucho op"]
[Site "Pelotas"]
[Date "2023.10.15"]
[Round "6"]
[White "Franz, Henrique Karam Da C"]
[Black "Dos Santos, Guilherme Fortes"]
[Result "0-1"]
[WhiteElo "1741"]
[BlackElo "1707"]
[PlyCount "98"]
[EventDate "2023.10.12"]
[EventType "swiss"]
[EventRounds "7"]
[EventCountry "BRA"]
[SourceTitle "CBM 216 Extra"]
[Source "ChessBase"]
[SourceDate "2023.11.30"]
[SourceVersion "1"]
[SourceVersionDate "2023.11.30"]
[SourceQuality "1"]

1. e4 e5 2. Nf3 Nf6 3. Nc3 Nc6 4. Bc4 Bc5 5. 0-0 d6 6. d3 Bg4 7. h3 Bh5 8. Be3 Nd4 9. Bxd4 Bxf3 10. Qxf3 Bxd4 11. Nd1 0-0 12. c3 Bb6 13. b4 c6 14. a4 d5 15. Bb3 Qd6 16. Ne3 dxe4 17. dxe4 Qd3 18. Nc4 Qxe4 19. Qxe4 Nxe4 20. Nxe5 Nxc3 21. Nd7 Rfd8 22. Nxb6 axb6 23. Rfc1 Ne2+ 24. Kf1 Nxc1 25. Rxc1 Rd4 26. Rb1 Kf8 27. Bc2 Re8 28. g3 Rc4 29. Bd3 Rc3 30. Rd1 c5 31. Bb5 Rb8 32. Rb1 Rd8 33. bxc5 bxc5 34. Be2 Rd2 35. h4 Rcc2 36. Re1 Ra2 37. Bb5 Rxf2+ 38. Kg1 g6 39. Re8+ Kg7 40. Re3 Rfc2 41. Re4 Ra1+ 42. Bf1 c4 43. g4 c3 44. g5 Rcc1 45. Rf4 Rxf1+ 46. Rxf1 Rxf1+ 47. Kxf1 c2 48. Ke2 c1Q 49. Kd3 Qd1+ 0-1

[Event "Pelotas Gaucho op"]
[Site "Pelotas"]
[Date "2023.10.12"]
[Round "2"]
[White "Franz, Henrique Karam Da C"]
[Black "Roschild, Jonatas Matthies"]
[Result "0-1"]
[WhiteElo "1741"]
[BlackElo "1818"]
[PlyCount "160"]
[EventDate "2023.10.12"]
[EventType "swiss"]
[EventRounds "7"]
[EventCountry "BRA"]
[SourceTitle "CBM 216 Extra"]
[Source "ChessBase"]
[SourceDate "2023.11.30"]
[SourceVersion "1"]
[SourceVersionDate "2023.11.30"]
[SourceQuality "1"]

1. e4 c5 2. Nf3 Nc6 3. Bc4 e6 4. Nc3 g6 5. 0-0 Bg7 6. d3 Nge7 7. Bf4 0-0 8. Ne2 a6 9. c3 Na5 10. Bb3 Nxb3 11. Qxb3 Nc6 12. Bd6 Re8 13. Bxc5 e5 14. d4 d6 15. Bb6 Qe7 16. d5 Nb8 17. Be3 Bg4 18. Qc2 Bxf3 19. gxf3 Nd7 20. c4 Rac8 21. b3 Rf8 22. Ng3 h5 23. Rad1 h4 24. Ne2 Nf6 25. Bg5 h3 26. a4 Qd7 27. Bxf6 Bxf6 28. Ng3 Bg5 29. b4 b6 30. a5 bxa5 31. bxa5 Rc5 32. Qc3 Qc7 33. Qb4 Rb8 34. Qc3 Rxc4 35. Qd3 Rc8 36. Ne2 Qd7 37. Rb1 Bd8 38. Rfc1 Rxc1+ 39. Nxc1 Qc7 40. Qd2 Qc5 41. Nb3 Qb5 42. Qa2 Qd3 43. Nd2 Bg5 44. Rd1 Bxd2 45. Qxd2 Qxf3 46. Kf1 Qxe4 47. Qd3 Qxd3+ 48. Rxd3 Rc5 49. Rxh3 Rxa5 50. Rd3 Kg7 51. Kg2 f5 52. Kg3 Kf6 53. Kh4 Ra4+ 54. Kg3 e4 55. Rb3 Ke5 56. f4+ Kxd5 57. Kh4 Ra2 58. h3 Rg2 59. Ra3 Kd4 60. Rxa6 d5 61. Ra4+ Ke3 62. Ra3+ Kxf4 63. Ra1 g5+ 64. Kh5 g4 65. Rf1+ Ke5 66. hxg4 Rxg4 67. Ra1 d4 68. Ra5+ Kf4 69. Ra4 d3 70. Rd4 Rg2 71. Ra4 Kf3 72. Ra3 f4 73. Kh4 Ke2 74. Ra2+ d2 75. Kh3 Rg8 76. Kh4 Ke1 77. Ra1+ d1Q 78. Rxd1+ Kxd1 79. Kh3 f3 80. Kh4 f2 0-1